| 000 | 00942cam a22003132 4500 | ||
|---|---|---|---|
| 001 | 0000024322 | ||
| 003 | |||
| 005 | 20151217161503.0 | ||
| 008 | 130710s xx 000 0 eng d | ||
| 010 | _a | ||
| 020 |
_a _c$ |
||
| 040 |
_aKABU _cKABU |
||
| 100 | 1 |
_aKhamala, Charles A., _d _@0000184320 |
|
| 245 | 1 | 0 |
_aLegal aid and actuarial justice in Kenya : _b _c |
| 250 | _a | ||
| 260 |
_aNairobi : _bLawAfrica, _c2013. |
||
| 300 |
_a _b _c |
||
| 440 | 4 |
_aThe Law Society of Kenya Journal. _n1. _vVol. 9 (1) 2013 ; _@0000184321 |
|
| 500 | _aPhotocopy of journal article; p. 117-153. | ||
| 650 | 0 |
_a _x |
|
| 690 | _a | ||
| 908 | _a130710 | ||
| 999 |
_c15332 _d15332 |
||